000 00777cab a2200253 4500
001 WB2907-54
008 090401t1993 xxu||||| |||| 00| 0 eng d
035 _a(Sirsi) u54725
041 _aeng
100 _aHall, Brian
245 _aBreach awareness
260 _c1993
350 _a0
490 _aCSW - The Property Week
_v40(7) 18 February 1993, 56-57(1)
520 _aConsiders the factors behind the 75% increase in enforcement appeals over the last five years.
650 _aBREACH OF CONDITION NOTICE
650 _aCERTIFICATES OF LAWFUL USE OR DEVELOPMENT
650 _aENFORCEMENT APPEALS
650 _aPLANNING AND COMPENSATION ACT 1991
650 _aPLANNING CONDITIONS
690 _aPLANNING LAW AND PRACTICE
942 _n0
948 _c04/03/1997
999 _c33545
_d33545